000 00951cam a2200193 4500
001 WB3841-10
008 021106n2002 000 0 eng u
035 _a(Sirsi) u120388
245 _aEnglish Nature report on coasts
260 _c2002
490 _aEnglish Nature Press Release
_v(EN/02/58) 06 November 2002, (2)
520 _a"State of nature: maritime- getting onto an even keel" reports on damage and decline of English seas and coasts. Reveals that despite important initiatives to protect marine environment, it is showing signs of stress and low resilience to continuing pressure. Copies of report available from t +44 (0)1733 455190 or downloadable from www.english-nature.org.uk English Nature Press Release www.english-nature.org.uk/news/story.asp?ID=427
590 _aWB
650 _aMARINE ENVIRONMENT
650 _aCOASTAL MANAGEMENT
650 _aSEA DEFENCES
690 _aENVIRONMENTAL AND LAND CONSULTANCY
942 _n0
999 _c71538
_d71538